000 00908nam a2200289Ia 4500
001 84805
003 IT-RoPAU
005 20220918175944.0
008 130308s9999 xx 000 0 und d
040 _aIT-RoPAU
040 _cIT-RoPAU
041 _aITALIANO
999 _c38231
_d38231
999 _bSI
100 _aCannizzo Donatella
_936369
100 _gCodice Aut. SPICS: 29835
_936370
245 _aVie italiane al "serial"
245 _bTv dell'Abbondanza (La)-Strategie di palinsesto e Percorsi del Consumo
250 _a1a ed.
260 _aMILANO
260 _bAngeli Franco
260 _c1989 [1° Ed.:1989 - Ed.Ling.Originale:1989]
300 _a"18 p. (prefazione: no ; testo: 18 [pagine: 111-128])"
500 _a"Serialità Italiana o All'Italiana? Caso ""Orazio"" Film per la Televisione"
650 _aINDUSTRIA TELEVISIVA
_936371
650 _eCodice materia Spics: 6956
_936372
942 _cBK
_2ddc